000 00543nam a22001697a 4500
005 20251108171032.0
008 250721s1978 xx 000 0 ara d
082 1 4 _a744.422/فير
100 1 _aفيرث، س. ب.
245 1 0 _aتكنولوجيا الرسم الهندسي /
264 1 _aلندن :
_bدار ماكجروهيل للنشر،
_c1978.
650 1 7 _aالرسم الهندسي
700 1 _aويلليجن، أ. و. فاندر
700 1 _aفرويز، محمود رشاد
_eترجمة
942 _2ddc
_cBK
999 _c54929
_d54929